|
|
|
|
| LEADER |
00000nam0a2200000 4500 |
| 001 |
376617 |
| 005 |
20231101052034.0 |
| 020 |
|
|
|a RU
|b 89-32219
|
| 035 |
|
|
|a (RuTPU)RU\TPU\retro\34057
|
| 035 |
|
|
|a RU\TPU\book\229778
|
| 090 |
|
|
|a 376617
|
| 100 |
|
|
|a 20221223d1989 k a0rusy5003 ca
|
| 101 |
0 |
|
|a rus
|
| 102 |
|
|
|a RU
|
| 105 |
|
|
|a y z 100zy
|
| 200 |
1 |
|
|a Теория, методика и практика геоиндикационных исследований "Космоаэрогеоиндикация - 89"
|e тезисы докладов III Всесоюзного совещания,(г. Киев, 16-18 мая 1989 г.
|f Академия наук СССР (АН СССР), Институт геологии и разработки горючих ископаемых ; под ред. А. А. Аксенова, Б. Н. Можаева
|
| 210 |
|
|
|a Москва
|c ИГИРГИ
|d 1989
|
| 215 |
|
|
|a 167,[1] с.
|d 21 см
|
| 610 |
1 |
|
|a космические снимки
|
| 610 |
1 |
|
|a аэроснимки
|
| 610 |
1 |
|
|a нефтяные месторождения
|
| 610 |
1 |
|
|a космические летательные аппараты
|
| 610 |
1 |
|
|a дешифрирование
|
| 610 |
1 |
|
|a поиски
|
| 610 |
1 |
|
|a разведка
|
| 610 |
1 |
|
|a аэрометоды
|
| 610 |
1 |
|
|a геологические исследования
|
| 610 |
1 |
|
|a совещания
|
| 610 |
1 |
|
|a Киев
|
| 675 |
|
|
|a 553.98:550.81(063)
|z rus
|
| 702 |
|
1 |
|a Аксенов
|b А. А.
|g Адольф Алексеевич
|4 340
|
| 702 |
|
1 |
|a Можаев
|b Б. Н.
|4 340
|
| 712 |
0 |
2 |
|a Академия наук СССР (АН СССР)
|b Институт геологии и разработки горючих ископаемых
|2 stltpush
|3 (RuTPU)RU\TPU\col\13483
|
| 712 |
1 |
2 |
|a Теория, методика и практика геоиндикационных исследований "Космоаэрогеоиндикация - 89"
|c совещание
|d 3
|e Киев
|f 1989
|
| 801 |
|
0 |
|a RU
|b RuMRKP
|c 19960704
|g psbo
|
| 801 |
|
1 |
|a RU
|b 63413507
|c 20120225
|
| 801 |
|
2 |
|a RU
|b 63413507
|c 20221223
|g RCR
|
| 942 |
|
|
|c BK
|